000 00205nam a2200109Ia 4500
100 _a#N/A
942 _cBK
245 _adigit dec 2009 Beta 2 Preview
260 _b#N/A
546 _aENGLISH
999 _c29131
_d29131